Drafting license agreements (Record no. 67813)

MARC details
000 -LEADER
fixed length control field 00528nam a22001817a 4500
008 - FIXED-LENGTH DATA ELEMENTS--GENERAL INFORMATION
fixed length control field 251014b |||||||| |||| 00| 0 eng d
020 ## - INTERNATIONAL STANDARD BOOK NUMBER
International Standard Book Number 978-81-8473-006-4
040 ## - CATALOGING SOURCE
Original cataloging agency National Science Library
Transcribing agency National Science Library
080 ## - UNIVERSAL DECIMAL CLASSIFICATION NUMBER
Universal Decimal Classification number 347.77.043
Item number P8.1
245 ## - TITLE STATEMENT
Title Drafting license agreements
250 ## - EDITION STATEMENT
Edition statement 4th ed.
Remainder of edition statement Vol. 1
260 ## - PUBLICATION, DISTRIBUTION, ETC.
Place of publication, distribution, etc. New Delhi:
Name of publisher, distributor, etc. Wolters Kluwe,
Date of publication, distribution, etc. 2008
300 ## - PHYSICAL DESCRIPTION
Extent xiii,
700 ## - ADDED ENTRY--PERSONAL NAME
Personal name Epstein, Mishael A. (Ed.)
700 ## - ADDED ENTRY--PERSONAL NAME
Personal name Politano, Frank L. (Ed.)
942 ## - ADDED ENTRY ELEMENTS (KOHA)
Source of classification or shelving scheme Universal Decimal Classification
Koha item type Books
Holdings
Withdrawn status Lost status Source of classification or shelving scheme Materials specified (bound volume or other part) Damaged status Not for loan Home library Current library Shelving location Date acquired Total Checkouts Full call number Barcode Date last seen Price effective from Koha item type
    Universal Decimal Classification 4th ed., Vol. 2     National Science Library National Science Library GF/Rk-10/C-23/R-3 28/05/2008   347.77.043 P8.1 250176 14/10/2025 28/05/2008 Books